| 000 | 00421nam a2200145Ia 4500 | ||
|---|---|---|---|
| 999 |
_c10717 _d10717 |
||
| 082 | _aRR 910.35484 RAJ-A | ||
| 100 | _aRajagopal, M.V. | ||
| 245 | 0 | _aAndhra Pradesh district gazetteers: Mahbubnagar | |
| 260 |
_aHyderabad _bThe Government Central Press _c1976 |
||
| 300 | _aix, 370 | ||
| 504 | _aincludes index | ||
| 650 |
_aGazetteers _zIndia _zAndhra Pradesh _zMahbubnagar |
||
| 710 | _aAndhra Pradesh | ||
| 942 |
_cBK _2ddc |
||